Normal view
MARC view
Entry Personal Name
001 - CONTROL NUMBER
- control field: 31922
003 - CONTROL NUMBER IDENTIFIER
- control field: OSt
005 - DATE AND TIME OF LATEST TRANSACTION
- control field: 20220714122905.0
008 - FIXED-LENGTH DATA ELEMENTS
- fixed length control field: 220714|| aca||aabn | a|a d
040 ## - CATALOGING SOURCE
- Original cataloging agency: OSt
- Transcribing agency: OSt
100 ## - HEADING--PERSONAL NAME
- Personal name: Devi, P. S. and Sudarsan, P. K.
670 ## - SOURCE DATA FOUND
- Source citation: Work cat.: (OSt)519025: Devi, P. S. and Sudarsan, P. K. , Determinants of migration to Goa, India: A gravity model analysis
